Statistiques concernant Anagrammes aléatoires - Villes espagnoles

Cliquez ici pour prendre le quiz!

Statistiques générales

  • Ce quiz a été pris 161 fois
  • Le résultat moyen est 6 sur 15

Statistiques - réponses

Ville% Correct
Almería
100%
Barcelone
100%
Bilbao
100%
Lérida
100%
Valence
100%
Vigo
86%
Palma
80%
Reus
80%
Badajoz
67%
Cadix
67%
Jaén
67%
León
67%
Madrid
67%
Murcie
67%
Getafe
60%
Malaga
60%
Séville
60%
Ceuta
57%
Carthagène
50%
Gijón
50%
Grenade
50%
Lugo
50%
Oviedo
50%
Salamanque
50%
Valladolid
50%
Zamora
50%
Cordoue
40%
Pampelune
40%
Elche
38%
Albacete
33%
Melilla
33%
Orense
33%
Burgos
25%
Guadalajara
25%
Mataró
25%
Toledo
25%
Benidorm
20%
Parla
20%
Saragosse
20%
Huelva .
17%
Marbella
17%
Mijas
17%
Alcorcón
13%
Algésiras
0%
Alicante
0%
Badalona
0%
Cuenca
0%
Fuengirola
0%
Lorca
0%
Móstoles
0%
Pontevedra
0%
Sabadell
0%
Santander
0%
Telde
0%
Terrassa
0%
Torrent
0%
Torrevieja
0%

Distribution des résultats

Percentile par nombre de réponses

% des personnes avec chaque résultat

Votre développement - résultats

Vous n’avez pas pris ce quiz